Sports Quiz

Random Sports or MLB Quiz

Bill James' MLB All-Star Team 1990-1999 Quiz Stats

 Plays Quiz not verified by Sporcle

Score 0/14 Timer 04:00
0 Plays Today
Position Player % Correct
CMike Piazza
91.8%
LF Barry Bonds
83.9%
LHPRandy Johnson
82.7%
RHPGreg Maddux
78%
RHPRoger Clemens
77.8%
CFKen Griffey, Jr.
77.1%
LHPTom Glavine
72.4%
Position Player % Correct
1BFrank Thomas
62.1%
SS Barry Larkin
49.1%
2B Craig Biggio
47.9%
RFAlbert Belle
41.2%
RHP (Relief)John Wetteland
23.5%
RHP Kevin Brown
19.7%
3B Robin Ventura
16.8%

You're not logged in!

Compare scores with friends on all Sporcle quizzes.
OR
Log In

Show Comments

Extras

Top Quizzes Today


Score Distribution

Your Account Isn't Verified!

In order to create a playlist on Sporcle, you need to verify the email address you used during registration. Go to your Sporcle Settings to finish the process.

Report this User

Report this user for behavior that violates our Community Guidelines.

Details: